000 00729nam a2200193Ii 4500
003 JO-AjNU
008 230605s9999||||xx |||||||||||||| ||und||
040 _aJO-AjNU
_bara
_erda
_cJO-AjNU
041 _aara
050 1 4 _aLG395.J72 2013
100 3 _aجامعة الزرقاء، الاردن,
_eauthor
_946182
245 0 0 _aالكتاب السنوي 16 لجامعة الزرقاء 2012-2013
264 3 1 _aالزرقاء:جامعة الزرقاء،2013
300 _a283ص
_b وصور توضيحية
336 _atext
_btxt
_2rdacontent
337 _aunmediated
_bn
_2rdamedia
338 _avolume
_bnc
_2rdacarrier
650 4 _a الجامعات والكليات-الأردن-كتب سنوية-جامعة الزرقاء
_946183
999 _aA20072
_c23640
_d23640